Kommunen im Landkreis Olpe - Statistiken

Allgemein
  • Dieses Quiz wurde 24 mal gespielt
  • Das Durchschnittsergebnis liegt bei 6 aus 7
Antwortstatistiken
Einwohnerzahl Kommune % Korrekt
23.554 Attendorn
100%
17.022 Finnentrop
100%
24.695 Olpe
95%
11.913 Drolshagen
90%
24.238 Lennestadt
85%
19.415 Wenden
85%
11.509 Kirchhundem
80%
Keine übereinstimmenden Quizze gefunden
Verteilung der Resultate
Anzahl Personen mit jedem Resultat
Perzentil nach korrekt beantworteten Fragen
Ihre Resultats-Entwicklung
Sie haben dieses Quiz noch nicht gespielt